1942 supplement to the state course of study of elementary and secondary schools. (Record no. 21919)

MARC details
000 -LEADER
fixed length control field 01237cam a22003131 4500
001 - CONTROL NUMBER
control field e 43000051
003 - CONTROL NUMBER IDENTIFIER
control field DLC
005 - DATE AND TIME OF LATEST TRANSACTION
control field 20260227111231.0
008 - FIXED-LENGTH DATA ELEMENTS--GENERAL INFORMATION
fixed length control field 861020s1942 alu s000 0 eng
010 ## - LIBRARY OF CONGRESS CONTROL NUMBER
LC control number e 43000051
035 ## - SYSTEM CONTROL NUMBER
System control number (OCoLC)14443109
040 ## - CATALOGING SOURCE
Original cataloging agency DLC
Transcribing agency ATrT
Modifying agency DLC
042 ## - AUTHENTICATION CODE
Authentication code premarc
050 00 - LIBRARY OF CONGRESS CALL NUMBER
Classification number L116
Item number .B2 1942, no. 6
082 ## - DEWEY DECIMAL CLASSIFICATION NUMBER
Classification number 375.009761
110 1# - MAIN ENTRY--CORPORATE NAME
Corporate name or jurisdiction name as entry element Alabama.
Subordinate unit Department of Education.
245 10 - TITLE STATEMENT
Title 1942 supplement to the state course of study of elementary and secondary schools.
Remainder of title Alabama curriculum development program.
Statement of responsibility, etc. Authorized by the State board of education.
260 ## - PUBLICATION, DISTRIBUTION, ETC.
Place of publication, distribution, etc. [Montgomery,
Date of publication, distribution, etc. 1942]
300 ## - PHYSICAL DESCRIPTION
Extent 36 p.
Dimensions 23 cm.
490 1# - SERIES STATEMENT
Series statement Curriculum bulletin
Volume/sequential designation no. 10
490 1# - SERIES STATEMENT
Series statement Department bulletin
Volume/sequential designation [1942] no. 6
500 ## - GENERAL NOTE
General note At head of title: State of Alabama. Dept. of education. Division of instruction, Montgomery.
500 ## - GENERAL NOTE
General note Supplement to Curriculum bulletins 8 and 9.
650 #0 - SUBJECT ADDED ENTRY--TOPICAL TERM
Topical term or geographic name entry element Education
General subdivision Curricula
Geographic subdivision Alabama.
710 1# - ADDED ENTRY--CORPORATE NAME
Corporate name or jurisdiction name as entry element Alabama.
Subordinate unit State Board of Education.
740 0# - ADDED ENTRY--UNCONTROLLED RELATED/ANALYTICAL TITLE
Uncontrolled related/analytical title Alabama curriculum development program.
830 #0 - SERIES ADDED ENTRY--UNIFORM TITLE
Uniform title Curriculum bulletin (Alabama. Department of Education) ;
Volume/sequential designation no. 10.
830 #0 - SERIES ADDED ENTRY--UNIFORM TITLE
Uniform title Bulletin (Alabama. Department of Education) ;
Volume/sequential designation [1942] no. 6.

No items available.

Powered by Koha